Eneida
Tallennettuna:
| Päätekijät: | , |
|---|---|
| Aineistotyyppi: | Kirja |
| Kieli: | espanja |
| Julkaistu: |
Barcelona
Bruguera
1973
|
| Painos: | 4a. ed |
| Aiheet: | |
| Tagit: |
Lisää tagi
Ei tageja, Lisää ensimmäinen tagi!
|
MARC
| LEADER | 00000nam a2200000 a 4500 | ||
|---|---|---|---|
| 001 | UCQ4525 | ||
| 003 | CL-VaPUC | ||
| 008 | 980904e19730000SP |||||||||||||||||spa|d | ||
| 082 | 0 | 4 | |a 873 |b VIR |2 21 |
| 100 | 0 | |a Virgilio |e author |9 266332 | |
| 700 | 0 | |a Virgilio Marón, Publio |e author |9 266333 | |
| 245 | 1 | 0 | |a Eneida |
| 250 | |a 4a. ed | ||
| 300 | |a 443 p | ||
| 942 | |c BK | ||
| 945 | |d 19980904 00:00:00 |a lriquelm | ||
| 260 | |a Barcelona |b Bruguera |c 1973 | ||
| 600 | 0 | 7 | |a VIRGILIO MARON, PUBLIO |2 CL-VaPUC |9 266333 |
| 650 | 0 | |a Poesías épicas latinas |9 265355 | |
| 650 | 7 | |a POESIAS LATINAS |2 CL-VaPUC |9 418691 | |
| 650 | 0 | |a Literatura latina |9 258055 | |
| 583 | |a last modification |c 20121218 08:07:20 |k Rodrigo Vera | ||
| 999 | |c 274897 |d 274895 | ||
| 952 | |0 0 |1 0 |4 0 |6 873_000000000000000_VIR_1973 |7 0 |8 A |9 311266 |a BIBEDU |b BIBEDU |d 2019-11-20 |i 1462695 |o 873 VIR 1973 |p 1462695 |r 2019-11-20 |w 2019-11-20 |y BK |k LIT | ||